Homes and property (Record no. 120815)
[ view plain ]
| 000 -LEADER | |
|---|---|
| fixed length control field | 00771cai a22001815a 4500 |
| 001 - CONTROL NUMBER | |
| control field | L148036 |
| 008 - FIXED-LENGTH DATA ELEMENTS--GENERAL INFORMATION | |
| fixed length control field | 090715u xxk g 000 0 eng d |
| 035 ## - SYSTEM CONTROL NUMBER | |
| System control number | (Sirsi) u148036 |
| 041 0# - LANGUAGE CODE | |
| Language code of text/sound track or separate title | eng |
| 110 2# - MAIN ENTRY--CORPORATE NAME | |
| Corporate name or jurisdiction name as entry element | Evening Standard |
| 9 (RLIN) | 5773 |
| 245 00 - TITLE STATEMENT | |
| Title | Homes and property |
| Medium | [electronic resource] |
| 520 ## - SUMMARY, ETC. | |
| Summary, etc. | Provides resources, information and guidance on buying, selling, letting or renting properties in the United Kingdom and worldwide. Includes property news and experts' advice. Presents back issues of Homes and Property, a supplement to the newspaper Evening Standard. |
| 590 ## - LOCAL NOTE (RLIN) | |
| Local note | KA |
| 651 #4 - SUBJECT ADDED ENTRY--GEOGRAPHIC NAME | |
| Geographic name | International |
| 690 ## - LOCAL SUBJECT ADDED ENTRY--TOPICAL TERM (OCLC, RLIN) | |
| Topical term or geographic name as entry element | PROPERTY-PROPERTY MARKET |
| 856 40 - ELECTRONIC LOCATION AND ACCESS | |
| Uniform Resource Identifier | <a href="https://www.homesandproperty.co.uk/">https://www.homesandproperty.co.uk/</a> |
| Public note | View the website at www.homesandproperty.co.uk/... |
| 942 ## - ADDED ENTRY ELEMENTS (KOHA) | |
| Suppress in OPAC | 0 |
| Withdrawn status | Lost status | Source of classification or shelving scheme | Damaged status | Not for loan | Home library | Current library | Shelving location | Date acquired | Total Checkouts | Full call number | Barcode | Date last seen | Copy number | Price effective from | Koha item type |
|---|---|---|---|---|---|---|---|---|---|---|---|---|---|---|---|
| Dewey Decimal Classification | Virtual | Virtual | Online | 15/07/2009 | ONLINE PUBLICATION | 148036-2001 | 06/08/2019 | 1 | 06/08/2019 | Online material |